[Event "2. BUNDESLIGA MITTE 2014/2015"]
[Site "Aschach"]
[Date "2014.10.03"]
[Round "1"]
[Board "1"]
[White "Huber, Martin Christian"]
[Black "Horvath, Adam"]
[Result "1/2-1/2"]
[WhiteElo "2241"]
[BlackElo "2530"]
[PlyCount "109"]
[EventDate "2014.10.03"]
[EventType "team"]
[EventRounds "11"]
[EventCountry "AUT"]
[WhiteTeam "Schachfreunde Graz"]
[BlackTeam "RbEJ Gleisdorf"]

1. d4 Nf6 2. c4 e6 3. Nf3 d5 4. Nc3 dxc4 5. e4 Bb4 6. Bg5 h6 7. Bxf6 Qxf6 8.
Bxc4 c5 9. O-O O-O 10. e5 Qd8 11. Ne4 cxd4 12. Qe2 Bd7 13. Rad1 Nc6 14. a3 Be7
15. Ng3 Be8 16. Qe4 g6 17. Bd3 Qd5 18. Qxd5 exd5 19. Ne2 Bc5 20. b4 Bb6 21. b5
Nd8 22. Nfxd4 Ne6 23. Nb3 Rc8 24. a4 Bd7 25. Bb1 Nc5 26. Nxc5 Rxc5 27. Nf4 Be6
28. Nxe6 fxe6 29. Bxg6 Rc4 30. g3 Rxa4 31. Rd2 Rb4 32. Rb1 Rd4 33. Rbb2 Kg7 34.
Bb1 Rc4 35. Re2 Bd4 36. Rb3 Rc1+ 37. Kg2 Bc3 38. f4 d4 39. Kf3 a5 40. bxa6 bxa6
41. Bd3 a5 42. Ke4 a4 43. Rb1 Rxb1 44. Bxb1 a3 45. Ba2 Rd8 46. g4 Kf8 47. Kd3
Bb2 48. f5 Rc8 49. fxe6 Rc3+ 50. Ke4 Re3+ 51. Rxe3 dxe3 52. Kxe3 Bxe5 53. h3
Bf6 54. Ke4 Kg7 55. Kf5 1/2-1/2

[Event "2. BUNDESLIGA MITTE 2014/2015"]
[Site "Aschach"]
[Date "2014.10.03"]
[Round "1"]
[Board "2"]
[White "Horvath, Tamas"]
[Black "Schnider, Gert"]
[Result "1-0"]
[WhiteElo "2354"]
[BlackElo "2338"]
[PlyCount "63"]
[EventDate "2014.10.03"]
[EventType "team"]
[EventRounds "11"]
[EventCountry "AUT"]
[WhiteTeam "RbEJ Gleisdorf"]
[BlackTeam "Schachfreunde Graz"]

1. e4 e5 2. Nf3 Nc6 3. Bb5 a6 4. Ba4 Nf6 5. O-O Be7 6. Bxc6 dxc6 7. Nc3 Bg4 8.
h3 Bh5 9. Qe2 Nd7 10. g4 Bg6 11. d4 exd4 12. Nxd4 h5 13. Bf4 hxg4 14. hxg4 Bc5
15. Nf5 Kf8 16. Kg2 Bxf5 17. exf5 Bd6 18. Rh1 Rg8 19. Qf3 Ne5 20. Bxe5 Bxe5 21.
Rad1 Qe7 22. Ne4 f6 23. Rhe1 Rh8 24. Ng3 Qf7 25. Nh5 Re8 26. Re2 Qxa2 27. b3
Qa3 28. Qe4 Qe7 29. Rde1 Rd8 30. f4 Rd5 31. fxe5 fxe5 32. Nf4 1-0

[Event "2. BUNDESLIGA MITTE 2014/2015"]
[Site "Aschach"]
[Date "2014.10.03"]
[Round "1"]
[Board "3"]
[White "Jusic, Zdenko"]
[Black "Frosch, Ronald"]
[Result "1-0"]
[WhiteElo "2283"]
[BlackElo "2196"]
[PlyCount "61"]
[EventDate "2014.10.03"]
[EventType "team"]
[EventRounds "11"]
[EventCountry "AUT"]
[WhiteTeam "Schachfreunde Graz"]
[BlackTeam "RbEJ Gleisdorf"]

1. e4 e5 2. Nf3 Nc6 3. Bb5 a6 4. Ba4 Nf6 5. Qe2 b5 6. Bb3 Be7 7. c3 d6 8. O-O
Bg4 9. Rd1 O-O 10. h3 Bh5 11. a4 b4 12. a5 Qc8 13. d4 bxc3 14. bxc3 Rb8 15. Bc4
Nxa5 16. Rxa5 Rxb1 17. Bd3 Rb3 18. dxe5 dxe5 19. Rxe5 Bxf3 20. Qxf3 Bd6 21. Ra5
Qe6 22. Qe2 Rxc3 23. e5 Re8 24. Bb2 Qb3 25. Bb1 Rc5 26. Ra3 Qb8 27. Re3 Nd5 28.
exd6 Nxe3 29. d7 Rd8 30. Qxe3 Rb5 31. Re1 1-0

[Event "2. BUNDESLIGA MITTE 2014/2015"]
[Site "Aschach"]
[Date "2014.10.03"]
[Round "1"]
[Board "4"]
[White "Wegerer, Fred"]
[Black "Kravanja, Georg"]
[Result "1-0"]
[WhiteElo "2157"]
[BlackElo "2221"]
[PlyCount "73"]
[EventDate "2014.10.03"]
[EventType "team"]
[EventRounds "11"]
[EventCountry "AUT"]
[WhiteTeam "RbEJ Gleisdorf"]
[BlackTeam "Schachfreunde Graz"]

1. Nf3 d5 2. d4 Nf6 3. e3 Bf5 4. Bd3 Bxd3 5. cxd3 e6 6. Qb3 b6 7. O-O Be7 8.
Nc3 O-O 9. e4 c5 10. dxc5 Bxc5 11. Bg5 Be7 12. Rac1 Nbd7 13. e5 Ne8 14. Bxe7
Qxe7 15. d4 f6 16. Nxd5 Qf7 17. Nf4 a5 18. Qxe6 fxe5 19. dxe5 Nc5 20. Qxf7+
Rxf7 21. Nd5 Rb8 22. Nxb6 Nd3 23. Rc8 Rxc8 24. Nxc8 Nxb2 25. Rb1 Nd3 26. Rb8
Rc7 27. h4 Kf7 28. Nb6 Rc1+ 29. Kh2 Nc7 30. Kg3 Ne6 31. Rb7+ Kg6 32. Nd5 Nec5
33. Rb6+ Kf5 34. Ne3+ Ke4 35. Rd6 Nxf2 36. Kxf2 Nd3+ 37. Ke2 1-0

[Event "2. BUNDESLIGA MITTE 2014/2015"]
[Site "Aschach"]
[Date "2014.10.03"]
[Round "1"]
[Board "5"]
[White "Kastner, Walter"]
[Black "Watzka, Horst"]
[Result "0-1"]
[WhiteElo "2230"]
[BlackElo "2235"]
[PlyCount "70"]
[EventDate "2014.10.03"]
[EventType "team"]
[EventRounds "11"]
[EventCountry "AUT"]
[WhiteTeam "Schachfreunde Graz"]
[BlackTeam "RbEJ Gleisdorf"]

1. Nf3 c5 2. c4 Nc6 3. Nc3 e5 4. e3 Nf6 5. d4 cxd4 6. exd4 e4 7. Ne5 Bb4 8. Be2
O-O 9. O-O d6 10. Nxc6 bxc6 11. Bg5 Re8 12. f3 Bxc3 13. bxc3 e3 14. Bd3 h6 15.
Bh4 g5 16. Bg3 Qe7 17. Qc2 Nh5 18. Rfe1 Bd7 19. Kh1 Nf4 20. Be4 Kg7 21. Rab1
Rab8 22. Rb3 Qe6 23. Bxf4 gxf4 24. d5 cxd5 25. Bxd5 Qe5 26. Qd3 a5 27. Rxb8
Rxb8 28. g3 Rb2 29. gxf4 Qxf4 30. Qd4+ Qxd4 31. cxd4 Bh3 32. Kg1 Rg2+ 33. Kh1
Rxa2 34. Kg1 Rg2+ 35. Kh1 e2 0-1

[Event "2. BUNDESLIGA MITTE 2014/2015"]
[Site "Aschach"]
[Date "2014.10.03"]
[Round "1"]
[Board "6"]
[White "Wanderer, Thomas"]
[Black "Eder, Matthias"]
[Result "1-0"]
[WhiteElo "2164"]
[BlackElo "2152"]
[PlyCount "69"]
[EventDate "2014.10.03"]
[EventType "team"]
[EventRounds "11"]
[EventCountry "AUT"]
[WhiteTeam "RbEJ Gleisdorf"]
[BlackTeam "Schachfreunde Graz"]

1. e4 g6 2. d4 Bg7 3. Nc3 d6 4. Be3 a6 5. a4 Nc6 6. Qd2 e5 7. d5 Nce7 8. f4
exf4 9. Bxf4 f5 10. O-O-O fxe4 11. Nxe4 Bf5 12. Ng3 Qd7 13. Nxf5 gxf5 14. Qb4
Nf6 15. Bc4 O-O 16. Bb3 Ne4 17. Nh3 a5 18. Qc4 b5 19. Qc6 Qd8 20. Qxb5 Ng6 21.
Be3 Ne5 22. Nf4 Bh6 23. Rhe1 Ng4 24. Ne6 Qf6 25. Bxh6 Qxh6+ 26. Kb1 Nd2+ 27.
Ka2 Rfb8 28. Qd3 Nxb3 29. cxb3 Rb4 30. Qxf5 Ne3 31. Rxe3 Qxe3 32. Rd3 Qe5 33.
Rg3+ Kh8 34. Qf7 Rab8 35. Ka3 1-0

[Event "2. BUNDESLIGA MITTE 2014/2015"]
[Site "Aschach"]
[Date "2014.10.03"]
[Round "1"]
[Board "1"]
[White "Schachinger, Mario"]
[Black "Kovacs, Gabor"]
[Result "1-0"]
[WhiteElo "2414"]
[BlackElo "2482"]
[PlyCount "71"]
[EventDate "2014.10.03"]
[EventType "team"]
[EventRounds "11"]
[EventCountry "AUT"]
[WhiteTeam "SC MPOE Maria Saal II"]
[BlackTeam "Union Styria Graz"]

1. d4 d5 2. c4 e6 3. Nf3 Nf6 4. g3 Bb4+ 5. Bd2 Bxd2+ 6. Nbxd2 Nbd7 7. Bg2 c6 8.
O-O b6 9. Qc2 Bb7 10. e4 Nxe4 11. Nxe4 dxe4 12. Qxe4 O-O 13. Rfd1 Qc7 14. Ne5
Nf6 15. Qe3 c5 16. d5 exd5 17. cxd5 Qd6 18. Nc4 Qd7 19. Qf4 Rad8 20. Ne3 Bc8
21. d6 Qb5 22. b3 Be6 23. Rd2 Qa5 24. Rad1 b5 25. g4 c4 26. g5 Nd7 27. Nd5 Bxd5
28. Bxd5 Nb6 29. Be4 Qb4 30. Rd4 Qc5 31. b4 Qxb4 32. Bxh7+ Kxh7 33. Qf5+ Kg8
34. Rh4 f6 35. g6 Rxd6 36. Rh8+ 1-0

[Event "2. BUNDESLIGA MITTE 2014/2015"]
[Site "Aschach"]
[Date "2014.10.03"]
[Round "1"]
[Board "2"]
[White "Wittmann, Walter"]
[Black "Tratar, Marko"]
[Result "0-1"]
[WhiteElo "2170"]
[BlackElo "2471"]
[PlyCount "74"]
[EventDate "2014.10.03"]
[EventType "team"]
[EventRounds "11"]
[EventCountry "AUT"]
[WhiteTeam "Union Styria Graz"]
[BlackTeam "SC MPOE Maria Saal II"]

1. e4 c5 2. Nf3 e6 3. d4 cxd4 4. Nxd4 a6 5. Nc3 d6 6. a4 Nc6 7. Nb3 b6 8. g3
Bb7 9. Bg2 Nf6 10. O-O Be7 11. f4 Qc7 12. Be3 O-O 13. g4 Rfe8 14. g5 Nd7 15.
Qe2 Bf8 16. h4 Nb4 17. h5 Rac8 18. Rf2 Qc4 19. Qd2 Rcd8 20. Bf1 Qc7 21. Bg2 Nc5
22. Nxc5 bxc5 23. f5 exf5 24. exf5 Bxg2 25. Rxg2 d5 26. Bf4 Qd7 27. Rf1 d4 28.
Ne2 Qxf5 29. Bc7 Qxc2 30. Qf4 Rd7 31. Ng3 Qxa4 32. Nf5 g6 33. Nh6+ Bxh6 34.
gxh6 Nd5 35. Qh4 Rxc7 36. Rg5 Qc6 37. hxg6 fxg6 0-1

[Event "2. BUNDESLIGA MITTE 2014/2015"]
[Site "Aschach"]
[Date "2014.10.03"]
[Round "1"]
[Board "3"]
[White "Halvax, Georg"]
[Black "Pirker, Christian"]
[Result "1/2-1/2"]
[WhiteElo "2360"]
[BlackElo "2186"]
[PlyCount "59"]
[EventDate "2014.10.03"]
[EventType "team"]
[EventRounds "11"]
[EventCountry "AUT"]
[WhiteTeam "SC MPOE Maria Saal II"]
[BlackTeam "Union Styria Graz"]

1. e4 e5 2. Nf3 Nf6 3. Nxe5 d6 4. Nf3 Nxe4 5. Nc3 Nxc3 6. dxc3 Be7 7. Be3 Nc6
8. Qd2 Be6 9. O-O-O Qd7 10. Bd3 O-O-O 11. Qe2 Qe8 12. Rhe1 h6 13. Bb5 a6 14.
Bc4 Bf6 15. Bf4 Bxc4 16. Qxc4 Qd7 17. Re2 Rhe8 18. Rde1 Rxe2 19. Qxe2 Qf5 20.
Qe4 Qxe4 21. Rxe4 Kd7 22. Kd2 Re8 23. Rxe8 Kxe8 24. Kd3 Kd7 25. Ke4 Ne7 26. Kd3
Ng6 27. Bd2 Ne5+ 28. Nxe5+ Bxe5 29. Ke4 Ke6 30. f4 1/2-1/2

[Event "2. BUNDESLIGA MITTE 2014/2015"]
[Site "Aschach"]
[Date "2014.10.03"]
[Round "1"]
[Board "4"]
[White "Manhardt, Thomas"]
[Black "Kreisl, Robert"]
[Result "0-1"]
[WhiteElo "2246"]
[BlackElo "2421"]
[PlyCount "120"]
[EventDate "2014.10.03"]
[EventType "team"]
[EventRounds "11"]
[EventCountry "AUT"]
[WhiteTeam "Union Styria Graz"]
[BlackTeam "SC MPOE Maria Saal II"]

1. e4 c6 2. d4 d5 3. Nd2 dxe4 4. Nxe4 Bf5 5. Ng3 Bg6 6. h4 h6 7. Nh3 Nf6 8. Nf4
Bh7 9. Bc4 e6 10. O-O Bd6 11. Re1 O-O 12. Ngh5 Re8 13. Nxf6+ Qxf6 14. Nh5 Qxh4
15. g3 Qd8 16. Qg4 Bf8 17. Bxh6 Bf5 18. Qf4 gxh6 19. g4 Bg6 20. Nf6+ Kg7 21.
Nxe8+ Qxe8 22. Kg2 Nd7 23. Rh1 Kg8 24. Rae1 Nb6 25. Bb3 Nd5 26. Qd2 b5 27. f4
Qd8 28. Kf3 Qf6 29. Re5 Bd6 30. g5 hxg5 31. Bxd5 cxd5 32. Rxg5 Qxg5 33. fxg5
Be4+ 34. Kg4 Bxh1 35. g6 fxg6 36. Qe2 Be4 37. Qxb5 Rf8 38. Qd7 Bf5+ 39. Kf3 Bb8
40. Ke2 g5 41. Qe7 g4 42. c4 dxc4 43. d5 Bd3+ 44. Ke3 Bf4+ 45. Kd4 exd5 46.
Qe6+ Kh8 47. Qxg4 Rf5 48. Qh4+ Kg7 49. Qe7+ Rf7 50. Qe6 Bf5 51. Qe8 Be4 52. b3
cxb3 53. axb3 Bg5 54. Qc8 Bf6+ 55. Ke3 Bf5 56. Qc5 d4+ 57. Kd2 Bg5+ 58. Kd1 d3
59. Qd4+ Kh7 60. Qg1 Bg4+ 0-1

[Event "2. BUNDESLIGA MITTE 2014/2015"]
[Site "Aschach"]
[Date "2014.10.03"]
[Round "1"]
[Board "5"]
[White "Rieger, Robert"]
[Black "Stagl, Marco"]
[Result "1-0"]
[WhiteElo "2293"]
[BlackElo "2104"]
[PlyCount "49"]
[EventDate "2014.10.03"]
[EventType "team"]
[EventRounds "11"]
[EventCountry "AUT"]
[WhiteTeam "SC MPOE Maria Saal II"]
[BlackTeam "Union Styria Graz"]

1. e4 c5 2. Nf3 d6 3. d4 cxd4 4. Nxd4 Nf6 5. Nc3 Nc6 6. Bg5 e6 7. Qd2 a6 8. f3
Bd7 9. O-O-O Be7 10. g4 h5 11. gxh5 Rxh5 12. h4 Qc7 13. f4 O-O-O 14. Be2 Rhh8
15. Bf3 Nxd4 16. Qxd4 Bc6 17. Rhe1 Ne8 18. Bxe7 Qxe7 19. h5 Nf6 20. Nd5 Bxd5
21. exd5 Nxh5 22. dxe6 fxe6 23. Qa7 Qc7 24. Rxe6 Nxf4 25. Re3 1-0

[Event "2. BUNDESLIGA MITTE 2014/2015"]
[Site "Aschach"]
[Date "2014.10.03"]
[Round "1"]
[Board "6"]
[White "Rohler, Siegfried"]
[Black "Ertl, Johann"]
[Result "1/2-1/2"]
[WhiteElo "2172"]
[BlackElo "2277"]
[PlyCount "89"]
[EventDate "2014.10.03"]
[EventType "team"]
[EventRounds "11"]
[EventCountry "AUT"]
[WhiteTeam "Union Styria Graz"]
[BlackTeam "SC MPOE Maria Saal II"]

1. e4 e6 2. d4 d5 3. e5 c5 4. c3 Qb6 5. Nf3 Nc6 6. a3 Bd7 7. b4 cxd4 8. cxd4
Rc8 9. Bb2 Nh6 10. Nc3 Na5 11. Na4 Qc6 12. Nc5 Nc4 13. Bxc4 dxc4 14. O-O b6 15.
Nxd7 Qxd7 16. Rc1 Be7 17. d5 Qxd5 18. Qa4+ b5 19. Qxa7 Ra8 20. Qc7 Bd8 21. Qd6
Qb7 22. Nd4 Be7 23. Qc6+ Qxc6 24. Nxc6 Nf5 25. g4 Nh4 26. Nd4 Rb8 27. a4 bxa4
28. Rxc4 h5 29. g5 Nf5 30. Nc6 Rb7 31. Ra1 Bxg5 32. Rxa4 Kd7 33. b5 Rc8 34.
Rab4 Ne7 35. f4 Bh4 36. Rd4+ Ke8 37. Na5 Ra7 38. Nc4 Nf5 39. b6 Ra2 40. b7 Rb8
41. Rd3 Bd8 42. Rdb3 Kd7 43. Nd2 Ba5 44. Rd3+ Kc6 45. Rc3+ 1/2-1/2

[Event "2. BUNDESLIGA MITTE 2014/2015"]
[Site "Aschach"]
[Date "2014.10.04"]
[Round "2"]
[Board "1"]
[White "Ennsberger, Ulrich"]
[Black "Burlacu, Bogdan"]
[Result "0-1"]
[WhiteElo "2343"]
[BlackElo "2309"]
[PlyCount "72"]
[EventDate "2014.10.03"]
[EventType "team"]
[EventRounds "11"]
[EventCountry "AUT"]
[WhiteTeam "Union Ansfelden"]
[BlackTeam "Union Hartkirchen - Sektion Schach"]

1. e4 c5 2. Nf3 d6 3. Bb5+ Nc6 4. O-O Bd7 5. c3 a6 6. Bxc6 Bxc6 7. Re1 Nf6 8.
d4 Bxe4 9. Bg5 Bc6 10. Bxf6 gxf6 11. d5 Bd7 12. c4 Qc7 13. Nc3 O-O-O 14. Rb1
Bf5 15. Ne4 Rg8 16. Nh4 Bg4 17. Qd3 f5 18. Nc3 Qd7 19. b4 e6 20. b5 a5 21. b6
Qe7 22. dxe6 Qxh4 23. e7 Bxe7 24. Nd5 Bf6 25. Nxf6 Qxf6 26. Qa3 d5 27. Qxa5 Kd7
28. cxd5 Kd6 29. Kh1 Ra8 30. Qd2 Qd4 31. Qh6+ Rg6 32. Qh4 Qf6 33. Qg3+ f4 34.
Qb3 Qd4 35. f3 Bf5 36. Rb2 Qd3 0-1

[Event "2. BUNDESLIGA MITTE 2014/2015"]
[Site "Aschach"]
[Date "2014.10.04"]
[Round "2"]
[Board "2"]
[White "Konrad, Edmund"]
[Black "Moser, Guenter"]
[Result "0-1"]
[WhiteElo "2187"]
[BlackElo "2352"]
[PlyCount "51"]
[EventDate "2014.10.03"]
[EventType "team"]
[EventRounds "11"]
[EventCountry "AUT"]
[WhiteTeam "Union Hartkirchen - Sektion Schach"]
[BlackTeam "Union Ansfelden"]

1. e4 c6 2. d4 d5 3. Nc3 dxe4 4. Nxe4 Bf5 5. Ng3 Bg6 6. N1e2 Nf6 7. Nf4 e5 8.
Nxg6 hxg6 9. Be3 Bd6 10. Bc4 Nbd7 11. Qf3 Qe7 12. O-O-O O-O 13. Ne4 Nxe4 14.
Qxe4 Nb6 15. Bb3 Qf6 16. Kb1 Rae8 17. Qg4 exd4 18. Bxd4 Be5 19. Bc5 Bxb2 20.
Bxf8 Rxf8 21. Qf3 Qxf3 22. gxf3 Bf6 23. Rhe1 Rc8 24. Re4 Kf8 25. f4 a5 26. c4 {
Rest unleserlich. 0-1 im 75. Zug.} 0-1

[Event "2. BUNDESLIGA MITTE 2014/2015"]
[Site "Aschach"]
[Date "2014.10.04"]
[Round "2"]
[Board "3"]
[White "Weiss, Christian"]
[Black "Windhager, Hannes"]
[Result "1-0"]
[WhiteElo "2382"]
[BlackElo "2187"]
[PlyCount "83"]
[EventDate "2014.10.03"]
[EventType "team"]
[EventRounds "11"]
[EventCountry "AUT"]
[WhiteTeam "Union Ansfelden"]
[BlackTeam "Union Hartkirchen - Sektion Schach"]

1. d4 Nf6 2. g3 g6 3. Bg2 d5 4. Nf3 Bg7 5. c4 c6 6. cxd5 cxd5 7. Nc3 O-O 8. Ne5
e6 9. O-O Nbd7 10. Nd3 Nb6 11. e3 a5 12. b3 Bd7 13. a4 Bc6 14. Bd2 Nfd7 15. Rc1
Re8 16. Re1 Qe7 17. Rc2 Qd6 18. Qb1 f6 19. Ne2 e5 20. Rec1 e4 21. Nc5 Qe7 22.
Nf4 Qf7 23. Bf1 Bf8 24. Nxd7 Qxd7 25. Be2 Bd6 26. Re1 Qd8 27. Qc1 Bd7 28. Rc5
Bxc5 29. dxc5 Nc8 30. Bc3 Bc6 31. Rd1 Qe7 32. Nxd5 Bxd5 33. Rxd5 Rd8 34. Qd1
Rxd5 35. Qxd5+ Kg7 36. g4 h6 37. h4 Kh7 38. Bxf6 Qxf6 39. Qxb7+ Qe7 40. Qxa8
Qxc5 41. Qxe4 Ne7 42. Bc4 1-0

[Event "2. BUNDESLIGA MITTE 2014/2015"]
[Site "Aschach"]
[Date "2014.10.04"]
[Round "2"]
[Board "4"]
[White "Mayerhofer, Peter"]
[Black "Mostbauer, Maximilian"]
[Result "1/2-1/2"]
[WhiteElo "2190"]
[BlackElo "2184"]
[PlyCount "61"]
[EventDate "2014.10.03"]
[EventType "team"]
[EventRounds "11"]
[EventCountry "AUT"]
[WhiteTeam "Union Hartkirchen - Sektion Schach"]
[BlackTeam "Union Ansfelden"]

1. e4 e6 2. d4 d5 3. Nc3 Nf6 4. Bg5 Be7 5. e5 Nfd7 6. h4 h6 7. Bxe7 Qxe7 8. Qg4
O-O 9. O-O-O c5 10. Nf3 Nc6 11. Qf4 cxd4 12. Nb5 f6 13. exf6 Nxf6 14. Nbxd4 e5
15. Nxc6 bxc6 16. Qxe5 Qxe5 17. Nxe5 Ne4 18. Nd3 Nxf2 19. Nxf2 Rxf2 20. Rd2 Rf6
21. Be2 Bf5 22. Bf3 Re8 23. Rf1 Bg4 24. Rd4 Bxf3 25. gxf3 Rfe6 26. Ra4 R8e7 27.
Rd1 Kf7 28. c4 Re5 29. cxd5 cxd5 30. Rdd4 g5 31. hxg5 1/2-1/2

[Event "2. BUNDESLIGA MITTE 2014/2015"]
[Site "Aschach"]
[Date "2014.10.04"]
[Round "2"]
[Board "5"]
[White "Knoll, Hermann"]
[Black "Kleibel, Uwe"]
[Result "1/2-1/2"]
[WhiteElo "2314"]
[BlackElo "2210"]
[PlyCount "125"]
[EventDate "2014.10.03"]
[EventType "team"]
[EventRounds "11"]
[EventCountry "AUT"]
[WhiteTeam "Union Ansfelden"]
[BlackTeam "Union Hartkirchen - Sektion Schach"]

1. e4 d6 2. d4 Nf6 3. Nc3 e5 4. dxe5 dxe5 5. Qxd8+ Kxd8 6. Bc4 Ke8 7. f3 c6 8.
Be3 Nbd7 9. Nge2 Bc5 10. Kf2 Ke7 11. Nc1 b5 12. Bb3 a5 13. a4 Bxe3+ 14. Kxe3 b4
15. N3e2 Nc5 16. Nd3 Nfd7 17. Bc4 Nb7 18. c3 Nd6 19. Ba2 bxc3 20. Nxc3 Rb8 21.
Rhc1 Ba6 22. Nd1 Bxd3 23. Kxd3 Rhc8 24. Rc3 Rb4 25. b3 f5 26. exf5 e4+ 27. Ke2
Nxf5 28. Ne3 exf3+ 29. gxf3 Nd4+ 30. Kf2 Rf8 31. Nc4 Rf5 32. Re1+ Kf6 33. Rd3
c5 34. Rde3 Rxc4 35. bxc4 Ne5 36. Rc3 Ndxf3 37. Rh1 Ng5+ 38. Ke1 Ngf3+ 39. Kf2
Nxh2+ 40. Kg3 Nf1+ 41. Kg2 Nd2 42. Bb1 Rg5+ 43. Kf2 h6 44. Rd1 Ndxc4 45. Be4
Rg4 46. Bd5 Nb2 47. Rb1 Rb4 48. Ke2 Nxa4 49. Rf1+ Ke7 50. Rg3 Kd6 51. Bg8 Rb2+
52. Ke3 Nc3 53. Rxg7 Re2+ 54. Kf4 a4 55. Ra7 Nc6 56. Rh7 Rh2 57. Kg3 Rh5 58.
Rf6+ Ke5 59. Re6+ Kd4 60. Rd6+ Ke5 61. Re6+ Kd4 62. Rd6+ Ke5 63. Re6+ 1/2-1/2

[Event "2. BUNDESLIGA MITTE 2014/2015"]
[Site "Aschach"]
[Date "2014.10.04"]
[Round "2"]
[Board "6"]
[White "Ganglberger, Robert"]
[Black "Mostbauer, Florian"]
[Result "1/2-1/2"]
[WhiteElo "2043"]
[BlackElo "2189"]
[PlyCount "81"]
[EventDate "2014.10.03"]
[EventType "team"]
[EventRounds "11"]
[EventCountry "AUT"]
[WhiteTeam "Union Hartkirchen - Sektion Schach"]
[BlackTeam "Union Ansfelden"]

1. d4 d5 2. Nf3 Nf6 3. e3 Bf5 4. c4 c6 5. Nc3 e6 6. Be2 Bd6 7. O-O O-O 8. Nh4
dxc4 9. Bxc4 Bg4 10. f3 Nd5 11. g3 Bh3 12. Ng2 Nb6 13. Bb3 c5 14. e4 cxd4 15.
Qxd4 Nc6 16. Qf2 Qe7 17. Be3 Na5 18. Nb5 Nbc4 19. Nxd6 Nxe3 20. Qxe3 Bxg2 21.
Rfd1 Bh3 22. Qc5 b6 23. Qh5 Nxb3 24. axb3 Rfd8 25. Nxf7 Qxf7 26. Qxh3 Qxf3 27.
Qxe6+ Kh8 28. Rxd8+ Rxd8 29. Rf1 Qe3+ 30. Kh1 Qe2 31. Qc4 Qxc4 32. bxc4 Kg8 33.
Kg2 Rd4 34. Kf3 Rxc4 35. Ke3 a5 36. e5 b5 37. Kd3 a4 38. e6 Rc8 39. e7 b4 40.
Ra1 a3 41. bxa3 1/2-1/2

[Event "2. BUNDESLIGA MITTE 2014/2015"]
[Site "Aschach"]
[Date "2014.10.04"]
[Round "2"]
[Board "1"]
[White "Pilaj, Herwig"]
[Black "Flumbort, Andras"]
[Result "1/2-1/2"]
[WhiteElo "2388"]
[BlackElo "2462"]
[PlyCount "60"]
[EventDate "2014.10.03"]
[EventType "team"]
[EventRounds "11"]
[EventCountry "AUT"]
[WhiteTeam "SC Die Klagenfurter"]
[BlackTeam "ASK St. Valentin"]

1. c4 c5 2. Nc3 Nc6 3. g3 g6 4. Bg2 Bg7 5. e3 e5 6. Nge2 Nge7 7. b3 O-O 8. Bb2
d6 9. O-O Be6 10. Nd5 Rb8 11. f4 f5 12. d3 b5 13. fxe5 dxe5 14. e4 Nd4 15. Nxd4
exd4 16. Ba3 b4 17. Bc1 fxe4 18. dxe4 Rxf1+ 19. Qxf1 Nc6 20. Bf4 Rb7 21. Bh3
Qd7 22. Bxe6+ Qxe6 23. Qd3 Rf7 24. Rf1 h6 25. Bc7 Rxf1+ 26. Kxf1 Ne5 27. Bxe5
Bxe5 28. Qf3 Qa6 29. Qf2 Qe6 30. Qf3 Qa6 1/2-1/2

[Event "2. BUNDESLIGA MITTE 2014/2015"]
[Site "Aschach"]
[Date "2014.10.04"]
[Round "2"]
[Board "3"]
[White "Wertjanz, David"]
[Black "Kranzl, Peter"]
[Result "1/2-1/2"]
[WhiteElo "2242"]
[BlackElo "2215"]
[PlyCount "64"]
[EventDate "2014.10.03"]
[EventType "team"]
[EventRounds "11"]
[EventCountry "AUT"]
[WhiteTeam "SC Die Klagenfurter"]
[BlackTeam "ASK St. Valentin"]

1. e4 c6 2. Nc3 d5 3. Nf3 Bg4 4. h3 Bxf3 5. Qxf3 e6 6. d4 Bb4 7. exd5 cxd5 8.
Bd3 Nc6 9. Be3 e5 10. dxe5 d4 11. O-O-O dxc3 12. Bf5 Qa5 13. Bd7+ Kf8 14. Be6
Nxe5 15. Qxb7 fxe6 16. Qxa8+ Kf7 17. Kb1 cxb2 18. Qc8 Ng6 19. Qc4 Nf6 20. Bd4
Nd5 21. Rd3 Re8 22. c3 Ba3 23. Re1 Re7 24. Rf3+ Nf6 25. g4 h5 26. Rf5 Qc7 27.
Qb3 hxg4 28. hxg4 Qc6 29. Rxf6+ gxf6 30. Qxa3 Qf3 31. Kxb2 Qxg4 32. Ka1 Qf3
 1/2-1/2

[Event "2. BUNDESLIGA MITTE 2014/2015"]
[Site "Aschach"]
[Date "2014.10.04"]
[Round "2"]
[Board "4"]
[White "Theuretzbacher, Klaus"]
[Black "Genser, Harald"]
[Result "1-0"]
[WhiteElo "2240"]
[BlackElo "2277"]
[PlyCount "73"]
[EventDate "2014.10.03"]
[EventType "team"]
[EventRounds "11"]
[EventCountry "AUT"]
[WhiteTeam "ASK St. Valentin"]
[BlackTeam "SC Die Klagenfurter"]

1. e4 c6 2. Nf3 d5 3. exd5 cxd5 4. Ne5 Nf6 5. d4 g6 6. Bd3 Bg7 7. O-O O-O 8. c3
Nfd7 9. f4 Nf6 10. Qc2 Nc6 11. Nd2 Bd7 12. Ndf3 Rc8 13. Nxd7 Nxd7 14. Qb3 Nb6
15. f5 e5 16. fxe6 fxe6 17. Bg5 Bf6 18. Bxf6 Rxf6 19. Rae1 Qd6 20. Qd1 Rcf8 21.
Qd2 Kg7 22. Qe3 h6 23. Rf2 Nd7 24. Rfe2 Qb8 25. Bc2 Qe8 26. Qd3 a6 27. h4 Rh8
28. Bb3 Qf7 29. c4 Nb6 30. cxd5 Nxd5 31. Bxd5 exd5 32. Ne5 Qc7 33. Nxc6 Qxc6
34. Re7+ Rf7 35. R7e6 Qc8 36. Rxg6+ Kf8 37. Qa3+ 1-0

[Event "2. BUNDESLIGA MITTE 2014/2015"]
[Site "Aschach"]
[Date "2014.10.04"]
[Round "2"]
[Board "5"]
[White "Titz, Heimo"]
[Black "Tober, Gerhard"]
[Result "1-0"]
[WhiteElo "2120"]
[BlackElo "2229"]
[PlyCount "121"]
[EventDate "2014.10.03"]
[EventType "team"]
[EventRounds "11"]
[EventCountry "AUT"]
[WhiteTeam "SC Die Klagenfurter"]
[BlackTeam "ASK St. Valentin"]

1. c4 e6 2. Nc3 d5 3. d4 Nf6 4. Nf3 c6 5. Qb3 Nbd7 6. Bf4 Qb6 7. c5 Qd8 8. h3
Be7 9. e3 O-O 10. Be2 b6 11. cxb6 axb6 12. O-O Bb7 13. Rfd1 b5 14. a3 Qb6 15.
Qc2 b4 16. axb4 Qxb4 17. Ne5 Nxe5 18. Bxe5 Nd7 19. Bg3 c5 20. dxc5 Nxc5 21.
Rxa8 Rxa8 22. Rd4 Qb6 23. b4 Nd7 24. Na4 Qd8 25. Qb3 g6 26. Bb5 h5 27. Bxd7
Qxd7 28. Nc5 Qb5 29. Nxb7 Qxb7 30. b5 Ra5 31. b6 Bc5 32. Bc7 Qc6 33. Rd1 Rb5
34. Qc3 Qb7 35. Qf6 Bxb6 36. Be5 Kf8 37. Bd6+ Ke8 38. Qh8+ Kd7 39. Qf8 Bd8 40.
Ba3 Rb1 41. Qxf7+ Kc8 42. Qxe6+ Kb8 43. Bd6+ Ka7 44. Rxb1 Qxb1+ 45. Kh2 Qb7 46.
Qxg6 Qd7 47. Bc5+ Kb8 48. Bd4 Bc7+ 49. f4 h4 50. Qg5 Bd8 51. Bf6 Bb6 52. Qe5+
Bc7 53. Qb2+ Kc8 54. Bxh4 Qe6 55. Qc3 Kb7 56. Bf6 Bb6 57. Bd4 Bc7 58. Qb4+ Kc8
59. Qf8+ Kb7 60. Qg7 Kc8 61. Qg4 1-0

[Event "2. BUNDESLIGA MITTE 2014/2015"]
[Site "Aschach"]
[Date "2014.10.04"]
[Round "2"]
[Board "6"]
[White "Heimberger, Reinhard"]
[Black "Singer, Hans"]
[Result "1-0"]
[WhiteElo "2254"]
[BlackElo "2163"]
[PlyCount "83"]
[EventDate "2014.10.03"]
[EventType "team"]
[EventRounds "11"]
[EventCountry "AUT"]
[WhiteTeam "ASK St. Valentin"]
[BlackTeam "SC Die Klagenfurter"]

1. g3 d5 2. d4 c6 3. Bg2 Nf6 4. Nf3 Bf5 5. O-O h6 6. b3 e6 7. Bb2 Nbd7 8. c4
Be7 9. Nc3 O-O 10. Nd2 a5 11. e4 Nxe4 12. Ndxe4 dxe4 13. Nxe4 Nf6 14. Nc3 Qb6
15. Na4 Qa7 16. Qe2 Rad8 17. h3 Rfe8 18. Rfd1 Qb8 19. Bc3 Qc7 20. Qe5 Bd6 21.
Qxa5 Qe7 22. c5 Bb8 23. Bb2 Be4 24. Qe1 Bxg2 25. Kxg2 h5 26. h4 Nd5 27. Nc3 g5
28. Qe2 Nxc3 29. Bxc3 Rd5 30. Qxh5 gxh4 31. Qxh4 Qxh4 32. gxh4 Red8 33. Re1 Kf8
34. Re4 Ke7 35. Rg4 Rh8 36. Re1 Rh7 37. b4 Bc7 38. Bd2 f5 39. Rg6 e5 40. Bg5+
Kd7 41. dxe5 Bxe5 42. Rg8 1-0